[Event "Medellin Flores op 23rd"]
[Site "Medellin"]
[Date "2016.08.05"]
[Round "5"]
[White "Tovio, Israel"]
[Black "Munoz, Farid"]
[Result "1-0"]
[WhiteElo "2305"]
[BlackElo "2132"]
[PlyCount "114"]
[EventDate "2016.08.03"]
[EventType "swiss"]
[EventRounds "9"]
[EventCountry "COL"]
[SourceTitle "CBM 173 Extra"]
[Source "ChessBase"]
[SourceDate "2016.08.29"]
[SourceVersion "1"]
[SourceVersionDate "2016.08.29"]
[SourceQuality "1"]

1. e4 c5 2. Nf3 Nc6 3. Bb5 g6 4. Bxc6 bxc6 5. 0-0 Bg7 6. Re1 e5 7. c3 d6 8. d4 cxd4 9. cxd4 Bg4 10. dxe5 dxe5 11. Qb3 Qb6 12. Qc3 f6 13. Na3 Nh6 14. Be3 Qa6 15. Bc5 Nf7 16. Nd2 Bf8 17. Rac1 Rd8 18. Bxf8 Kxf8 19. Nb3 Rd6 20. Nc4 Rd8 21. Ne3 Be6 22. Nc5 Qc8 23. Nxe6+ Qxe6 24. Qxc6 Rd6 25. Qc8+ Qxc8 26. Rxc8+ Kg7 27. Rc7 a6 28. Rec1 Rhd8 29. Nd5 f5 30. f3 fxe4 31. fxe4 h5 32. Ra7 R8d7 33. Rcc7 Rxc7 34. Rxc7 Kf8 35. Kf2 Rd8 36. Ke3 Nd6 37. Ne7 Rb8 38. Nxg6+ Ke8 39. b3 a5 40. Re7+ Kd8 41. Rxe5 a4 42. Rxh5 axb3 43. Rh8+ Ne8 44. axb3 Rxb3+ 45. Kf4 Rb2 46. g3 Kd7 47. e5 Nc7 48. Rh7+ Kd8 49. Kf5 Rf2+ 50. Nf4 Nd5 51. Ke4 Nc7 52. e6 Ne8 53. Ke5 Rf1 54. Rh8 Ke7 55. Nd5+ Kd8 56. Nf6 Re1+ 57. Kf5 Rf1+ 1-0

[Event "Medellin Easter op"]
[Site "Medellin"]
[Date "2015.??.??"]
[Round "2"]
[White "Uribe Valencia, Victor Alexis"]
[Black "Munoz, Farid"]
[Result "0-1"]
[WhiteElo "1901"]
[BlackElo "2123"]
[PlyCount "58"]
[EventDate "2015.04.01"]
[EventType "swiss"]
[EventRounds "9"]
[EventCountry "COL"]
[SourceTitle "CBM 165 Extra"]
[Source "ChessBase"]
[SourceDate "2015.04.21"]
[SourceVersion "1"]
[SourceVersionDate "2015.04.21"]
[SourceQuality "1"]

1. e4 c5 2. Nf3 Nc6 3. d4 cxd4 4. Nxd4 g6 5. Nc3 Bg7 6. Be3 Nf6 7. Bc4 0-0 8. Bb3 d6 9. f3 Bd7 10. Qd2 Nxd4 11. Bxd4 b5 12. a4 bxa4 13. Bxa4 Bxa4 14. Rxa4 a5 15. 0-0 Qb8 16. Nd5 Nxd5 17. exd5 Bxd4+ 18. Qxd4 Rc8 19. c4 Qb3 20. Rfa1 Rab8 21. R1a2 Rb4 22. R4a3 Rcxc4 23. Rxb3 Rxd4 24. Re3 Kf8 25. Rxa5 Rxb2 26. Ra8+ Kg7 27. h3 Rdd2 28. Rxe7 Rxg2+ 29. Kh1 Rgf2 0-1

[Event "Medellin Flores op 20th"]
[Site "Medellin"]
[Date "2014.08.10"]
[Round "9"]
[White "Munoz, Farid"]
[Black "Arboleda Orozco, Juan M"]
[Result "1-0"]
[WhiteElo "2186"]
[BlackElo "1863"]
[PlyCount "23"]
[EventDate "2014.08.06"]
[EventType "swiss"]
[EventRounds "9"]
[EventCountry "COL"]
[SourceTitle "CBM 162 Extra"]
[Source "ChessBase"]
[SourceDate "2014.10.17"]
[SourceVersion "1"]
[SourceVersionDate "2014.10.17"]
[SourceQuality "1"]

1. e4 c5 2. b4 cxb4 3. a3 e6 4. axb4 Bxb4 5. c3 Be7 6. d4 d6 7. f4 a6 8. Nf3 b5 9. Bxb5+ Bd7 10. Bd3 Nf6 11. 0-0 0-0 12. Bd2 1-0

[Event "Medellin Flores op 20th"]
[Site "Medellin"]
[Date "2014.08.07"]
[Round "3"]
[White "Dabraccio, Guillermo"]
[Black "Munoz, Farid"]
[Result "0-1"]
[WhiteElo "1766"]
[BlackElo "2186"]
[PlyCount "24"]
[EventDate "2014.08.06"]
[EventType "swiss"]
[EventRounds "9"]
[EventCountry "COL"]
[SourceTitle "CBM 162 Extra"]
[Source "ChessBase"]
[SourceDate "2014.10.17"]
[SourceVersion "1"]
[SourceVersionDate "2014.10.17"]
[SourceQuality "1"]

1. Nf3 Nf6 2. d4 c5 3. c3 g6 4. Bf4 cxd4 5. cxd4 Bg7 6. e3 0-0 7. Be2 d6 8. 0-0 Qb6 9. Qc1 Nc6 10. h3 Bf5 11. Nc3 Rfc8 12. Qd2 Nb4 0-1

[Event "Medellin Flores op 20th"]
[Site "Medellin"]
[Date "2014.08.07"]
[Round "2"]
[White "Munoz, Farid"]
[Black "Carmona, Samuel"]
[Result "0-1"]
[WhiteElo "2186"]
[BlackElo "2086"]
[PlyCount "138"]
[EventDate "2014.08.06"]
[EventType "swiss"]
[EventRounds "9"]
[EventCountry "COL"]
[SourceTitle "CBM 162 Extra"]
[Source "ChessBase"]
[SourceDate "2014.10.17"]
[SourceVersion "1"]
[SourceVersionDate "2014.10.17"]
[SourceQuality "1"]

1. e4 c5 2. Nf3 d6 3. d4 cxd4 4. Nxd4 Nf6 5. Nc3 a6 6. Bc4 e6 7. Bb3 Be7 8. Be3 Nc6 9. f4 Qa5 10. Qd2 Ng4 11. Bg1 Bd7 12. 0-0-0 b5 13. Kb1 b4 14. Nce2 Nf6 15. Ng3 0-0 16. Nf3 Qb5 17. e5 dxe5 18. fxe5 Nd5 19. Bxd5 exd5 20. Qxd5 Be6 21. Qxb5 axb5 22. b3 Ra6 23. Kb2 Rfa8 24. Ra1 Rd8 25. Ne4 Rd5 26. Bf2 Nxe5 27. Rad1 Nxf3 28. gxf3 f5 29. Ng3 Bf6+ 30. Kb1 Rad6 31. Rxd5 Rxd5 32. Nh5 Bg5 33. Rg1 f4 34. Bd4 g6 35. Bf6 Bh6 36. Re1 Kf7 37. Ng7 Bd7 38. Be7 Bxg7 39. Bxb4 Bf6 40. Kc1 Bc6 41. Bd2 Bb2+ 42. Kxb2 Rxd2 43. Re5 Rxh2 44. Rc5 Bd7 45. b4 Rf2 46. a4 bxa4 47. b5 Bxb5 48. Rxb5 h5 49. Rb4 Rxf3 50. Rxa4 h4 51. c4 h3 52. c5 h2 53. Ra7+ Ke6 54. Rh7 Kd5 55. Rxh2 Kxc5 56. Kc2 Kd4 57. Kd2 Rg3 58. Ke2 Ke4 59. Kf2 Ra3 60. Rh8 Ra2+ 61. Kg1 g5 62. Kh1 g4 63. Rb8 Re2 64. Rb3 Re3 65. Rb4+ Kf3 66. Rb1 Kg3 67. Kg1 f3 68. Kf1 Re2 69. Ra1 Rh2 0-1

[Event "Medellin Flores op 20th"]
[Site "Medellin"]
[Date "2014.08.06"]
[Round "1"]
[White "Rodriguez, Jose Luis"]
[Black "Munoz, Farid"]
[Result "1/2-1/2"]
[WhiteElo "2025"]
[BlackElo "2186"]
[PlyCount "95"]
[EventDate "2014.08.06"]
[EventType "swiss"]
[EventRounds "9"]
[EventCountry "COL"]
[SourceTitle "CBM 162 Extra"]
[Source "ChessBase"]
[SourceDate "2014.10.17"]
[SourceVersion "1"]
[SourceVersionDate "2014.10.17"]
[SourceQuality "1"]

1. Nf3 f5 2. d3 Nf6 3. Nbd2 g6 4. g3 Bg7 5. Bg2 0-0 6. e4 d6 7. c3 e5 8. Qb3+ Kh8 9. Ng5 Qe7 10. exf5 gxf5 11. Bxb7 Bxb7 12. Qxb7 Nbd7 13. 0-0 Nc5 14. Qb5 Ng4 15. Nh3 a6 16. Qc4 d5 17. Qb4 a5 18. Qa3 Qd6 19. d4 exd4 20. cxd4 Bxd4 21. Nf3 Bg7 22. Bf4 Qb6 23. Rac1 Ne6 24. Qd3 Rad8 25. b3 c5 26. Rce1 a4 27. Bg5 Rd7 28. Nf4 Nxf4 29. Bxf4 axb3 30. axb3 Nf6 31. Ne5 Rb7 32. Qxf5 Ne4 33. Qh3 Bxe5 34. Bxe5+ Kg8 35. f3 Ng5 36. Qh5 Qg6 37. Qxg6+ hxg6 38. Re3 d4 39. Rd3 Nf7 40. Re1 Re8 41. f4 Rbe7 42. b4 cxb4 43. Rxd4 Rb7 44. Rb1 b3 45. Rd3 Nxe5 46. fxe5 b2 47. Rd2 Reb8 48. Rf2 1/2-1/2

[Event "Medellin Flores op 19th"]
[Site "Medellin"]
[Date "2013.08.07"]
[Round "9"]
[White "Corredor Rengifo, Luis Fernando"]
[Black "Munoz, Farid"]
[Result "0-1"]
[WhiteElo "1980"]
[BlackElo "2159"]
[PlyCount "54"]
[EventDate "2013.08.03"]
[EventType "swiss"]
[EventRounds "9"]
[EventCountry "COL"]
[SourceTitle "CBM 155 Extra"]
[Source "ChessBase"]
[SourceDate "2013.08.26"]
[SourceVersion "1"]
[SourceVersionDate "2013.08.26"]
[SourceQuality "1"]

1. d4 f5 2. c4 Nf6 3. Nc3 g6 4. Nf3 Bg7 5. Bf4 c6 6. e3 d6 7. Bd3 Qa5 8. 0-0 Nbd7 9. e4 fxe4 10. Nxe4 Nxe4 11. Bxe4 Nf6 12. Bd3 0-0 13. Re1 Nh5 14. Bd2 Qc7 15. h3 Nf4 16. Bxf4 Rxf4 17. Qe2 Bxd4 18. g3 Rxf3 19. Qxf3 e5 20. Re2 Be6 21. Qg2 Qf7 22. Rc1 Rf8 23. b3 Qf3 24. Qxf3 Rxf3 25. Be4 Rxg3+ 26. Kh2 Rxh3+ 27. Kg2 Rh4 0-1

[Event "Medellin Flores op 19th"]
[Site "Medellin"]
[Date "2013.08.03"]
[Round "1"]
[White "Munoz, Farid"]
[Black "Cadavid, Juan Miguel"]
[Result "1-0"]
[WhiteElo "2159"]
[BlackElo "1876"]
[PlyCount "61"]
[EventDate "2013.08.03"]
[EventType "swiss"]
[EventRounds "9"]
[EventCountry "COL"]
[SourceTitle "CBM 155 Extra"]
[Source "ChessBase"]
[SourceDate "2013.08.26"]
[SourceVersion "1"]
[SourceVersionDate "2013.08.26"]
[SourceQuality "1"]

1. e4 c5 2. d4 cxd4 3. c3 Nf6 4. e5 Nd5 5. Nf3 Nc6 6. Bc4 Nb6 7. Bb3 d6 8. cxd4 e6 9. Qe2 Be7 10. 0-0 0-0 11. Rd1 Nd7 12. exd6 Bxd6 13. Bxe6 Qe7 14. Bc4 Qxe2 15. Bxe2 Nf6 16. Nc3 Bf5 17. d5 Nb4 18. Nd4 Bg6 19. a3 Nc2 20. Nxc2 Bxc2 21. Rd2 Bg6 22. Bf3 Rfe8 23. Re2 Be5 24. Be3 Rad8 25. Bxa7 Rc8 26. Rae1 Nd7 27. d6 b5 28. Bb7 Rc4 29. Bd5 Rcc8 30. f4 Bh5 31. Re3 1-0

[Event "Medellin Cuartas Memorial"]
[Site "Medellin"]
[Date "2011.08.05"]
[Round "4"]
[White "Corredor Rengifo, Luis Fernando"]
[Black "Munoz, Farid"]
[Result "1/2-1/2"]
[WhiteElo "1863"]
[BlackElo "2149"]
[PlyCount "95"]
[EventDate "2011.08.03"]
[EventType "swiss"]
[EventRounds "8"]
[EventCountry "COL"]
[SourceTitle "CBM 144 Extra"]
[Source "ChessBase"]
[SourceDate "2011.10.28"]
[SourceVersion "1"]
[SourceVersionDate "2011.10.28"]
[SourceQuality "1"]

1. e4 c5 2. Nf3 Nc6 3. d4 cxd4 4. Nxd4 g6 5. Nc3 Bg7 6. Be3 Nf6 7. Bc4 0-0 8. Bb3 d6 9. 0-0 Ng4 10. Nxc6 bxc6 11. Bg5 a5 12. h3 Nf6 13. Qd2 Qc7 14. Bh6 a4 15. Bxg7 Kxg7 16. Bc4 a3 17. b3 Qa5 18. Qe3 d5 19. exd5 cxd5 20. Be2 Bf5 21. Bf3 Rac8 22. Na4 Rfe8 23. Qc1 Bxc2 24. Qxa3 d4 25. Bd1 Be4 26. Qb2 Red8 27. b4 Qb5 28. Re1 Ba8 29. Qd2 e5 30. Nc5 Rb8 31. Rxe5 Qxb4 32. Qxb4 Rxb4 33. Nd3 Rc4 34. Re7 Rc3 35. Be2 Nd5 36. Ra7 Re8 37. Bf1 g5 38. Ra4 Rc2 39. Rxd4 Nc3 40. Rg4 f6 41. a4 Be4 42. Ne1 Ra2 43. Rxa2 Nxa2 44. Rg3 Bc6 45. Nf3 Bxa4 46. h4 h6 47. hxg5 hxg5 48. Nd4 1/2-1/2

[Event "Medellin op"]
[Site "Medellin"]
[Date "2011.04.??"]
[Round "6"]
[White "Castrillon Gomez, Melissa"]
[Black "Munoz, Farid"]
[Result "0-1"]
[WhiteElo "2019"]
[BlackElo "2128"]
[PlyCount "60"]
[EventDate "2011.04.??"]
[EventType "swiss"]
[EventRounds "9"]
[EventCountry "COL"]
[SourceTitle "CBM 142 Extra"]
[Source "ChessBase"]
[SourceDate "2011.06.27"]
[SourceVersion "1"]
[SourceVersionDate "2011.06.27"]
[SourceQuality "1"]

1. e4 b6 2. d4 Bb7 3. Bd3 Nf6 4. Nc3 e6 5. Nge2 c5 6. e5 Nd5 7. Be4 cxd4 8. Nxd4 Nc6 9. Bxd5 exd5 10. Ndb5 a6 11. Nd6+ Bxd6 12. exd6 0-0 13. Nxd5 Re8+ 14. Be3 Qg5 15. Qd2 Qh5 16. f3 Ne5 17. Ne7+ Kh8 18. 0-0-0 Nc4 19. Qc3 Nxd6 20. Rxd6 Rxe7 21. Rxb6 Bc6 22. Qa3 Re6 23. Bf4 Re2 24. Rb8+ Rxb8 25. Bxb8 h6 26. Qxa6 Rxg2 27. Re1 Bxf3 28. Re8+ Kh7 29. Qd3+ f5 30. Re1 Be4 0-1

[Event "Medellin op"]
[Site "Medellin"]
[Date "2011.04.??"]
[Round "8"]
[White "Hurtado Oldridge, Felipe"]
[Black "Munoz, Farid"]
[Result "0-1"]
[WhiteElo "2072"]
[BlackElo "2128"]
[PlyCount "44"]
[EventDate "2011.04.??"]
[EventType "swiss"]
[EventRounds "9"]
[EventCountry "COL"]
[SourceTitle "CBM 142 Extra"]
[Source "ChessBase"]
[SourceDate "2011.06.27"]
[SourceVersion "1"]
[SourceVersionDate "2011.06.27"]
[SourceQuality "1"]

1. e4 b6 2. Nc3 Bb7 3. Nf3 e6 4. d3 d5 5. exd5 exd5 6. Qe2+ Be7 7. Bg5 Nc6 8. g3 h6 9. Bxe7 Ngxe7 10. 0-0-0 d4 11. Ne4 Qd5 12. a3 0-0-0 13. Bg2 Rhe8 14. g4 Qa2 15. Nfd2 Nd5 16. Nb1 Na5 17. g5 Kb8 18. Qf3 Re6 19. Qxf7 Rc6 20. c4 dxc3 21. Nbxc3 Nb3+ 22. Kc2 Nb4+ 0-1

[Event "Medellin op"]
[Site "Medellin"]
[Date "2011.04.??"]
[Round "9"]
[White "Munoz, Farid"]
[Black "Cano Acosta, Luis Fernando"]
[Result "1-0"]
[WhiteElo "2128"]
[BlackElo "2227"]
[PlyCount "40"]
[EventDate "2011.04.??"]
[EventType "swiss"]
[EventRounds "9"]
[EventCountry "COL"]
[SourceTitle "CBM 142 Extra"]
[Source "ChessBase"]
[SourceDate "2011.06.27"]
[SourceVersion "1"]
[SourceVersionDate "2011.06.27"]
[SourceQuality "1"]

1. e4 c5 2. d4 cxd4 3. c3 d3 4. Bxd3 Nc6 5. Nf3 d6 6. Bc4 Nf6 7. 0-0 e6 8. Bg5 Be7 9. Nbd2 0-0 10. Bb3 a6 11. Qe2 Qc7 12. Rfe1 b5 13. Rad1 Bb7 14. Nf1 h6 15. Bf4 Ne5 16. N3d2 Bc6 17. Bg3 Rfe8 18. f4 Ned7 19. Bf2 Bf8 20. Ng3 Qb7 1-0

[Event "Medellin Experts 17th"]
[Site "Medellin"]
[Date "2010.08.05"]
[Round "3.2"]
[White "Vargas, Eduar Misael"]
[Black "Munoz, Farid"]
[Result "0-1"]
[WhiteElo "1952"]
[BlackElo "1994"]
[PlyCount "96"]
[EventDate "2010.08.04"]
[EventType "swiss"]
[EventRounds "9"]
[EventCountry "COL"]
[SourceTitle "EXT 2024"]
[Source "ChessBase"]
[SourceDate "2023.10.10"]
[SourceVersion "1"]
[SourceVersionDate "2023.10.10"]
[SourceQuality "1"]

1. d4 f5 2. c4 Nf6 3. Nc3 g6 4. e3 Bg7 5. Be2 d6 6. Nf3 c6 7. 0-0 0-0 8. Qc2 Qe8 9. d5 h6 10. Nd4 c5 11. Ne6 Bxe6 12. dxe6 Nc6 13. Nd5 Qc8 14. Bf3 Ne8 15. Nf4 Ne5 16. Bd5 g5 17. Nh5 Nc7 18. Nxg7 Kxg7 19. f4 gxf4 20. Rxf4 Nxe6 21. Rxf5 Rxf5 22. Qxf5 Nc7 23. Qxc8 Rxc8 24. Bxb7 Rb8 25. Bd5 e6 26. Bf3 Nxc4 27. b3 Nb6 28. Bb2+ Kf7 29. Rf1 Rf8 30. Rd1 d5 31. Ba3 Na6 32. Rf1 Ke7 33. Bb2 Rf7 34. Rc1 Kd6 35. Be2 Nb4 36. a3 Nc6 37. Bf3 Na5 38. b4 cxb4 39. axb4 Nb3 40. Rc2 Nc4 41. Kf2 Nxb2 42. Rxb2 Nc1 43. Rd2 Rb7 44. e4 Rxb4 45. exd5 e5 46. Rc2 Rb2 47. Rxb2 Nd3+ 48. Ke2 Nxb2 0-1